000 01087cam a2200349 a 4500
001 4264
003 FISKH
005 20240711081853.0
008 031117s2005 nyua a 000 1 eng
010 _a 2003025271
020 _a0060094591
020 _a79780060094614
020 _a0060094605 (lib. bdg.)
040 _aDLC
_cDLC
_dDLC
_beng
050 _aPZ7.C179
082 _a428.6
100 1 _aCapucilli, Alyssa Satin,
_d1957-
245 1 0 _aBiscuit and the baby /
_cstory by Alyssa Satin Capucilli ; pictures by Pat Schories.
260 _aNew York :
_bHarperCollins,
_c2005.
300 _a25 pages :
_bcolor illustrations ;
_c23 cm
490 1 _aMy first I can read book
505 _aD
520 _aBiscuit, a young puppy, is eager to meet the new baby but must wait until nap time is over.
521 _a170
_bLexile
521 _aD
_bRaz-Plus
650 1 _aDogs
_vFiction.
650 1 _aBabies
_vFiction.
700 1 _aSchories, Pat,
_eillustrator
906 _a7
_bcbc
_corignew
_d1
_eecip
_f20
_gy-gencatlg
942 _2ddc
_cBK
_n0
999 _c4264
_d4264